Labour research
Na minha lista:
| Formato: | Periódico |
|---|---|
| Idioma: | inglês |
| Publicado em: |
London
Labour Research Department
|
| Tags: |
Sem tags, seja o primeiro a adicionar uma tag!
|
MARC
| LEADER | 00000nas1a22000001 4500 | ||
|---|---|---|---|
| 001 | s120910 | ||
| 005 | 20250730114818.5 | ||
| 022 | |a 0023-7000 | ||
| 041 | 0 | |a eng | |
| 044 | |a GB | ||
| 245 | 1 | 0 | |a Labour research |
| 264 | 1 | |a London |b Labour Research Department | |